| Поле | Инд. | ПП | Название | Значение |
|---|---|---|---|---|
| Тип записи | a | |||
| Библиографический уровень | b | |||
| 001 | Контрольный номер | RU/IS/BASE/142015980 | ||
| 005 | Дата корректировки | 20200526192505.4 | ||
| 084 | a | Индекс другой классификации/Индекс ББК | 66.3(2Рос),54; 66.03 | |
| 100 | 10 | a | Автор | Гончаров П. К. |
| 245 | 00 | a | Заглавие | Национальная доктрина возрождения и оптимальная модель политической системы как концептуальная основа реформирования России |
| 504 | 00 | a | Библиография | Библиогр. ссылки |
| 650 | a | Основная рубрика | внутренняя политика | |
| a | Основная рубрика | политика | ||
| a | Основная рубрика | политология | ||
| 653 | 00 | a | Ключевые слова | динамика политических систем |
| a | Ключевые слова | национальная доктрина | ||
| a | Ключевые слова | политические доктрины | ||
| a | Ключевые слова | политические системы | ||
| a | Ключевые слова | Россия | ||
| a | Ключевые слова | социально-политическое развитие | ||
| 773 | 00 | t | Заглавие источника | Вестник Московского университета. Серия 18, Социология и политология |
| d | Дата издания источника | 2000 | ||
| g | Прочая информация | № 3. - С. 3 - 17 | ||
| w | Контрольный № источника | RU/IS/BASE/144174158 | ||
| 901 | t | Тип документа | b |